Largest Countries by Area Excluding the most Populous - Statistics

General Stats
  • This quiz has been taken 22 times
  • The average score is 15 of 20
Answer Stats
Total Area (km²) Country % Correct
7,692,024 Australia
100%
9,984,670 Canada
100%
1,564,110 Mongolia
95%
2,780,400 Argentina
89%
2,724,900 Kazakhstan
89%
1,240,192 Mali
89%
1,267,000 Niger
89%
2,381,741 Algeria
84%
1,886,068 Sudan
84%
1,030,700 Mauritania
79%
1,284,000 Chad
74%
1,759,540 Libya
74%
2,149,690 Saudi Arabia
74%
1,246,700 Angola
68%
1,141,748 Colombia
68%
1,285,216 Peru
68%
916,445 Venezuela
63%
1,098,581 Bolivia
58%
945,087 Tanzania
42%
1,221,037 South Africa
37%
No matching quizzes found
Score Distribution
Percent of People with Each Score
Percentile by Number Answered
Your Score History
You have not taken this quiz